[Event "OPEN A"]
[Site "?"]
[Date "2008.08.26"]
[Round "5.21"]
[White "Postupa, M."]
[Black "Drabek, V."]
[Result "1-0"]
[WhiteElo "1984"]
[BlackElo "2157"]
[PlyCount "75"]
[EventDate "2008.??.??"]
[SourceDate "2008.08.26"]

1. e4 e5 2. Nf3 Nc6 3. Nc3 g6 4. Bb5 Bg7 5. d3 Nge7 6. O-O d6 7. h3 O-O 8. Nh2
Nd4 9. Bc4 c6 10. Bb3 d5 11. f4 Nxb3 12. axb3 dxe4 13. Nxe4 exf4 14. Rxf4 Nd5
15. Rf1 f5 16. Nf2 c5 17. Nf3 Nb4 18. Bg5 Qd5 19. Qc1 Re8 20. Re1 Rxe1+ 21.
Nxe1 b6 22. c3 Nc6 23. Qe3 Bb7 24. Ra3 Ne5 25. Bh6 Bf6 26. Bg5 Bg7 27. Bh6 Bxh6
28. Qxh6 a5 29. Qd2 Re8 30. Kf1 Nf7 31. Nf3 h6 32. d4 c4 33. Qd1 Ng5 34. Kg1
Nxf3+ 35. gxf3 Qd6 36. Kg2 Re3 37. bxc4 f4 38. d5 1-0

[Event "OPEN A"]
[Site "?"]
[Date "2008.08.26"]
[Round "5.22"]
[White "Prochazka, P."]
[Black "Ptak, P."]
[Result "1/2-1/2"]
[WhiteElo "1994"]
[BlackElo "2148"]
[PlyCount "71"]
[EventDate "2008.??.??"]
[SourceDate "2008.08.26"]

1. e4 g6 2. d4 Bg7 3. Nc3 c6 4. Nf3 d5 5. e5 Nh6 6. Bd3 f6 7. O-O O-O 8. exf6
exf6 9. Ne2 Re8 10. Ng3 Nd7 11. Bf4 Nf8 12. Qc1 Nf7 13. h4 Bg4 14. Nh2 Qd7 15.
Qd2 Re7 16. f3 Be6 17. Rae1 Rae8 18. Re2 h6 19. Rfe1 b6 20. c3 Nd6 21. Bxh6 c5
22. Bxg7 Rxg7 23. Qf4 Kf7 24. Kf2 Qc7 25. Ng4 Bxg4 26. Rxe8 Nxe8 27. Qxg4 cxd4
28. Bb5 Nd6 29. Qxd4 Qc5 30. Qxc5 bxc5 31. Bc6 f5 32. Bxd5+ Kf6 33. Nf1 Rh7 34.
g3 f4 35. Nd2 fxg3+ 36. Kxg3 1/2-1/2

[Event "OPEN A"]
[Site "?"]
[Date "2008.08.26"]
[Round "5.23"]
[White "Postupa, P."]
[Black "Skokan, F."]
[Result "1-0"]
[WhiteElo "2139"]
[BlackElo "1747"]
[PlyCount "61"]
[EventDate "2008.??.??"]
[SourceDate "2008.08.26"]

1. e4 c5 2. Nf3 Nc6 3. d4 cxd4 4. Nxd4 Nf6 5. Nc3 d6 6. Be2 e6 7. O-O Be7 8.
Be3 O-O 9. Kh1 a6 10. f4 Qc7 11. Bf3 Bd7 12. Nb3 b5 13. a3 Rac8 14. g4 Rfd8 15.
g5 Ne8 16. Bg2 g6 17. Qe1 Bf8 18. f5 Ne5 19. fxg6 hxg6 20. Qf2 Rb8 21. Bd4 Bc6
22. Qh4 Bg7 23. Rae1 a5 24. Re3 b4 25. axb4 axb4 26. Nd1 Bb5 27. Rf2 Ba4 28.
Rh3 Bxb3 29. cxb3 Kf8 30. Rf1 Nf3 31. Bxg7+ 1-0

[Event "OPEN A"]
[Site "?"]
[Date "2008.08.26"]
[Round "5.24"]
[White "Pavlicek, P."]
[Black "Lacha, J."]
[Result "1/2-1/2"]
[WhiteElo "2086"]
[BlackElo "1979"]
[PlyCount "40"]
[EventDate "2008.??.??"]
[SourceDate "2008.08.26"]

1. e4 e6 2. d4 d5 3. Nd2 dxe4 4. Nxe4 Bd7 5. Nf3 Bc6 6. Bd3 Nd7 7. O-O Ngf6 8.
Bg5 Be7 9. Nxf6+ Nxf6 10. Ne5 Qd5 11. Nxc6 Qxg5 12. Nxe7 Kxe7 13. Re1 Qf4 14.
Be2 Rad8 15. c3 Rd5 16. Bf3 Rg5 17. Re3 h5 18. g3 h4 19. Bg2 hxg3 20. hxg3 Qd6
1/2-1/2

[Event "OPEN A"]
[Site "?"]
[Date "2008.08.26"]
[Round "5.25"]
[White "Moravec, V."]
[Black "Framberk, J."]
[Result "1/2-1/2"]
[WhiteElo "1966"]
[BlackElo "2054"]
[PlyCount "79"]
[EventDate "2008.??.??"]
[SourceDate "2008.08.26"]

1. e4 c5 2. Nc3 Nc6 3. g3 g6 4. Bg2 Bg7 5. f4 d6 6. d3 e6 7. Nf3 Nge7 8. O-O
O-O 9. Be3 Nd4 10. e5 Nef5 11. Bf2 Nxf3+ 12. Bxf3 Nd4 13. Bg2 dxe5 14. fxe5
Bxe5 15. Ne4 f5 16. Nxc5 Qd6 17. b4 a5 18. c3 Nb5 19. Nxb7 Bxb7 20. Bxb7 Nxc3
21. Qe1 Rab8 22. Bc5 Bd4+ 23. Kh1 Qd7 24. Bxd4 Qxb7+ 25. Kg1 axb4 26. Qxe6+ Rf7
27. Qe5 Rg7 28. Qxg7+ Qxg7 29. Bxg7 Kxg7 30. Rf2 Kf6 31. Kf1 Ke5 32. Rf4 g5 33.
Rc4 f4 34. gxf4+ gxf4 35. Re1+ Kd6 36. Ra1 Nd5 37. Kf2 Ra8 38. Rc2 Ra3 39. Ke2
Ke5 40. Rb2 1/2-1/2

[Event "OPEN A"]
[Site "?"]
[Date "2008.08.26"]
[Round "5.26"]
[White "Zvara, D."]
[Black "Vavrinec, T."]
[Result "0-1"]
[WhiteElo "1802"]
[BlackElo "2051"]
[PlyCount "84"]
[EventDate "2008.??.??"]
[SourceDate "2008.08.26"]

1. e4 e6 $1 2. d4 d5 3. exd5 exd5 4. c4 Bb4+ 5. Nc3 Nf6 6. Qb3 Nc6 7. cxd5 Nxd4
8. Qc4 Qxd5 9. Qxd5 Nxd5 10. Kd2 Be6 11. Nge2 c5 12. Kd1 O-O-O 13. Nxd4 Nxc3+
14. Kc2 cxd4 15. bxc3 Bxc3 16. Bb2 Bxb2 17. Kxb2 Kc7 18. Bd3 Kb6 19. Rhd1 Rc8
20. Be4 Rhd8 21. Rab1 Ka6 22. Ka1 b5 23. a4 Bc4 24. Rb4 Ka5 25. Rdb1 a6 26. f4
d3 27. R4b2 d2 28. Rd1 Rd4 29. Bxh7 Rcd8 30. axb5 axb5 31. g3 Be2 32. Bc2 Rc8
33. Bb3 Rc1+ 34. Rb1 Bxd1 35. Bxd1 Rxb1+ 36. Kxb1 Kb4 37. Kb2 Rd8 38. h4 Rc8
39. Bc2 Kc4 40. g4 Kd4 41. g5 Ke3 42. h5 Rxc2+ 0-1

[Event "OPEN A"]
[Site "?"]
[Date "2008.08.26"]
[Round "5.27"]
[White "Benak, J."]
[Black "Musil, V."]
[Result "1-0"]
[WhiteElo "1827"]
[BlackElo "2039"]
[PlyCount "55"]
[EventDate "2008.??.??"]
[SourceDate "2008.08.26"]

1. e4 e5 2. Nf3 Nc6 3. Nc3 a6 4. d4 exd4 5. Nxd4 Nxd4 6. Qxd4 d6 7. Bc4 Be6 8.
Bxe6 fxe6 9. O-O Qd7 10. Bg5 h6 11. Bh4 e5 12. Qd5 c6 13. Qb3 g5 14. Bg3 Be7
15. Rad1 Bf6 16. Na4 Rd8 17. Nc5 Qc7 18. Ne6 Qe7 19. Nxd8 Kxd8 20. Qb6+ Kc8 21.
Rd3 Qc7 22. Qb3 Kb8 23. Rfd1 Be7 24. f3 Nf6 25. Bf2 c5 26. Qe6 Rh7 27. Bg3 Qc8
28. Rxd6 1-0

[Event "Open A"]
[Site "?"]
[Date "2008.08.26"]
[Round "5.28"]
[White "Galandauer, J."]
[Black "Rutter, L."]
[Result "1-0"]
[WhiteElo "2123"]
[BlackElo "1893"]
[Annotator "Øeøábek,Jaroslav"]
[PlyCount "35"]
[EventDate "2008.??.??"]

1. e4 Nf6 2. e5 Nd5 3. d4 d6 4. c4 Nb6 5. exd6 cxd6 6. Nf3 Bg4 7. Be2 Nc6 8. d5
Bxf3 9. Bxf3 Ne5 10. Be2 g6 11. Be3 Bg7 12. Bd4 O-O 13. Na3 e6 14. f4 Ned7 15.
Bxg7 Kxg7 16. dxe6 fxe6 17. Qxd6 Qh4+ 18. g3 {dale necitelne...} 1-0

[Event "OPEN A"]
[Site "?"]
[Date "2008.08.26"]
[Round "5.29"]
[White "Berg, A."]
[Black "Krasnay, P."]
[Result "1/2-1/2"]
[WhiteElo "1914"]
[BlackElo "2117"]
[PlyCount "80"]
[EventDate "2008.??.??"]

1. e4 c5 2. Nc3 Nc6 3. g3 e6 4. Bg2 b6 5. d3 Bb7 6. Nge2 Nge7 7. O-O a6 8. e5
d5 9. f4 h5 10. a3 Nf5 11. Qe1 Ncd4 12. Nxd4 cxd4 13. Ne2 Rc8 14. c3 dxc3 15.
bxc3 Bc5+ 16. d4 Be7 17. a4 a5 18. Bd2 Ba6 19. Rf2 g6 20. Kh1 h4 21. g4 Ng3+
22. Nxg3 hxg3 23. Rf3 Rxh2+ 24. Kg1 Rh8 25. g5 Kf8 26. Rxg3 Kg7 27. Qe3 Qd7 28.
Rh3 Bc4 29. Bf1 Rxh3 30. Qxh3 Rh8 31. Qg2 Qc6 32. Bxc4 Qxc4 33. Qf1 Qb3 34. Qb1
Qc4 35. Qb5 Rc8 36. Qxc4 Rxc4 37. Kf2 Kf8 38. Ke2 Ke8 39. Kd3 Kd7 40. Kc2 Rc8
1/2-1/2

[Event "OPEN A"]
[Site "?"]
[Date "2008.08.26"]
[Round "5.30"]
[White "Fikr, L."]
[Black "Halla, J."]
[Result "0-1"]
[WhiteElo "2037"]
[BlackElo "1834"]
[PlyCount "132"]
[EventDate "2008.??.??"]
[SourceDate "2008.08.26"]

1. d4 Nf6 2. c4 g6 3. Nc3 Bg7 4. e4 d6 5. f3 O-O 6. Be3 e5 7. Nge2 Nh5 8. Qd2
f5 9. O-O-O Qe7 10. Bg5 Qf7 11. d5 f4 12. Bh4 a5 13. Bf2 Na6 14. Kb1 Bd7 15.
Nc1 b6 16. Bd3 Rfb8 17. Bc2 Nc5 18. Bxc5 bxc5 19. Ba4 Bxa4 20. Nxa4 Rb4 21. Qc2
Qd7 22. a3 Rbb8 23. Ne2 Rf8 24. Nec3 Nf6 25. Nb5 Qc8 26. Rd3 Rf7 27. Rhd1 Bf8
28. Rb3 g5 29. h3 h5 30. Nbc3 Rb8 31. Ka2 Rd7 32. Rxb8 Qxb8 33. Qb3 Rd8 34.
Qxb8 Rxb8 35. Nb5 Ne8 36. Na7 Ra8 37. Nc6 Kf7 38. Kb3 Nf6 39. Nc3 Ke8 40. Ka4
Kd7 41. Nxa5 Be7 42. b4 cxb4 43. axb4 Rg8 44. Nb5 g4 45. hxg4 hxg4 46. Nc6 Bd8
47. Nba7 Rh8 48. Kb5 Rh2 49. c5 Rxg2 50. Rh1 gxf3 51. Rh8 Rg8 52. Rh2 Rg2 53.
Rh8 Rg8 54. Rh2 Nxe4 55. Rh7+ Ke8 56. Nc8 f2 57. Rh1 Nd2 58. cxd6 f1=Q+ 59.
Rxf1 Nxf1 60. Nxe5 cxd6 61. Nxd6+ Kf8 62. Kc6 Rg2 63. b5 Ne3 64. b6 Bxb6 65.
Nd7+ Ke7 66. Nxb6 Rc2+ 0-1

[Event "OPEN A"]
[Site "?"]
[Date "2008.08.26"]
[Round "5.31"]
[White "Chromovsky, H."]
[Black "Havrlik, P."]
[Result "0-1"]
[WhiteElo "1804"]
[BlackElo "1965"]
[PlyCount "83"]
[EventDate "2008.??.??"]

1. c4 e5 2. Nc3 Nf6 3. g3 d5 4. cxd5 Nxd5 5. Bg2 Nxc3 6. bxc3 Be7 7. Qb3 c6 8.
Nf3 Qc7 9. Rb1 O-O 10. d3 Nd7 11. Ba3 Nb6 12. Bxe7 Qxe7 13. O-O Re8 14. Nd2 Be6
15. c4 Rad8 16. a4 Rd7 17. a5 Nc8 18. a6 Nd6 19. Ne4 b6 20. Qa4 Rc8 21. Nxd6
Qxd6 22. c5 Qxc5 23. Rfc1 Qd6 24. Rxc6 Rxc6 25. Qxc6 Qxc6 26. Bxc6 Rc7 27. Bb7
Bc8 28. Bxc8 Rxc8 29. Kg2 Kf8 30. Kf3 Ke7 31. Ke4 Rc2 32. Kxe5 Rxe2+ 33. Kd5
Ra2 34. Kc6 Rxa6 35. d4 Ra2 36. Re1+ Kd8 37. Kd6 Rxf2 38. Kc6 Rxh2 39. Kb7 Rd2
40. Kxa7 Rxd4 41. Kxb6 Rd3 42. g4 0-1

[Event "OPEN A"]
[Site "?"]
[Date "2008.08.26"]
[Round "5.32"]
[White "Vesecky, M."]
[Black "Horyna, J."]
[Result "1/2-1/2"]
[WhiteElo "1957"]
[BlackElo "1941"]
[PlyCount "105"]
[EventDate "2008.08.23"]
[SourceDate "2008.08.26"]

1. e4 e6 2. d4 d5 3. Nc3 a6 4. Nf3 Nf6 5. Bd3 dxe4 6. Nxe4 Nxe4 7. Bxe4 Be7 8.
O-O O-O 9. Bf4 Nd7 10. Ne5 Nxe5 11. dxe5 Qxd1 12. Raxd1 a5 13. Rd3 Ra7 14. Rfd1
b6 15. c4 f5 16. exf6 Bxf6 17. Bc1 Be7 18. f3 Bd6 19. Be3 Be7 20. Bc6 Bc5 21.
Bxc5 bxc5 22. Re1 Ra6 23. Bd7 Rb6 24. Bxc8 Rxc8 25. Rd7 Kf8 26. b3 a4 27. bxa4
Ra8 28. Rxc7 Rxa4 29. Rd1 Rb8 30. Rxc5 Rxa2 31. Rb5 Rxb5 32. cxb5 Rb2 33. Rd8+
Ke7 34. Rb8 Kd6 35. h4 g6 36. Kh2 h5 37. Kh3 Rb3 38. b6 Ke5 39. Kg3 Rb1 40. b7
Rb3 41. Kh3 Rb1 42. Rg8 Rxb7 43. Rxg6 Rh7 44. g4 hxg4+ 45. Kxg4 Rf7 46. Rg5+
Kf6 47. f4 Ra7 48. h5 Ra1 49. Rg6+ Kf7 50. Kg5 Rg1+ 51. Kh6 Rf1 52. Kg5 Rg1+
53. Kh6 1/2-1/2

[Event "Open A"]
[Site "?"]
[Date "2008.08.26"]
[Round "5.33"]
[White "Zdenek, P."]
[Black "Havelka, P."]
[Result "1/2-1/2"]
[WhiteElo "1775"]
[BlackElo "1957"]
[PlyCount "66"]
[EventDate "2008.08.22"]
[SourceDate "2008.08.26"]

1. d4 d5 2. c4 e6 3. Nc3 Nf6 4. cxd5 exd5 5. Bg5 Be7 6. Qc2 c6 7. e3 Bg4 8. Bd3
Nbd7 9. Nge2 Bxe2 10. Bxe2 h6 11. Bh4 Nb6 12. Bg3 Nc8 13. Rb1 Nd6 14. Bd3 a5
15. O-O O-O 16. a3 b5 17. Bxd6 Qxd6 18. Rfc1 Rab8 19. Na2 Rb6 20. b4 Ra8 21.
Rb3 Nd7 22. Rc3 Nb8 23. bxa5 Rxa5 24. Nb4 Bf8 25. Nxc6 Rxa3 26. Ne5 Ra7 27. g3
b4 28. Rb3 f6 29. Ng6 Rc6 30. Qb1 Rxc1+ 31. Qxc1 Ra3 32. Qb2 Nd7 33. Nxf8 Nxf8
1/2-1/2

[Event "OPEN A"]
[Site "?"]
[Date "2008.08.26"]
[Round "5.35"]
[White "Urban, M."]
[Black "Hronik, P."]
[Result "0-1"]
[WhiteElo "1875"]
[BlackElo "1954"]
[PlyCount "54"]
[EventDate "2008.08.23"]
[SourceDate "2008.08.26"]

1. e4 d5 2. exd5 Nf6 3. c4 e6 4. dxe6 Bxe6 5. d4 Bb4+ 6. Bd2 Qe7 7. Qe2 Nc6 8.
Nf3 O-O-O 9. d5 Rhe8 10. Nc3 Qc5 11. Be3 Qa5 12. Qc2 Bxd5 13. cxd5 Nxd5 14. Rc1
Bc5 15. Be2 Nxe3 16. fxe3 Bxe3 17. Rd1 Nb4 18. Rxd8+ Rxd8 19. Qe4 Qc5 20. Ne5
g6 21. Nd3 Nxd3+ 22. Bxd3 f5 23. Qc4 Qe5 24. Be2 Bd4 25. g3 Re8 26. Rf1 Qe3 27.
Rf3 Qc1+ 0-1

[Event "Open A"]
[Site "?"]
[Date "2008.08.26"]
[Round "5.36"]
[White "Bernath, S."]
[Black "Hajek, J."]
[Result "1-0"]
[WhiteElo "1972"]
[BlackElo "1713"]
[PlyCount "59"]
[EventDate "2008.??.??"]

1. e4 g6 2. d4 Bg7 3. Nf3 d6 4. h3 Nf6 5. Nc3 O-O 6. Be2 c6 7. a4 Nbd7 8. O-O
e5 9. dxe5 dxe5 10. Be3 Qe7 11. Qb1 Nc5 12. Nd2 Rd8 13. Rd1 Ne6 14. Bf1 Nd4 15.
Ne2 Be6 16. Ng3 Nd7 17. Ra3 f5 18. exf5 gxf5 19. Nh5 Bh8 20. Bxd4 exd4 21. Nf4
Bf7 22. Rg3+ Kf8 23. Nf3 Nc5 24. Bd3 Nxd3 25. Nxd3 Bf6 26. Qc1 Bg8 27. Qf4 Rd5
28. Re1 Qd6 29. Qh6+ Kf7 30. Ng5+ 1-0

[Event "OPEN A"]
[Site "?"]
[Date "2008.08.26"]
[Round "5.37"]
[White "Vitous, M."]
[Black "Havlicek, P."]
[Result "1-0"]
[WhiteElo "1910"]
[BlackElo "1601"]
[PlyCount "97"]
[EventDate "2008.08.23"]
[SourceDate "2008.08.26"]

1. Nf3 Nc6 2. d4 d5 3. b3 Nf6 4. Bb2 g6 5. e3 Bg4 6. Be2 Bg7 7. c4 O-O 8. O-O
e6 9. Nc3 Re8 10. Rc1 Ne7 11. h3 Bxf3 12. Bxf3 c6 13. Re1 Qc7 14. Qc2 Rac8 15.
e4 Qd8 16. e5 Nd7 17. c5 Nf5 18. Qd3 Qh4 19. Bg4 Nh6 20. g3 Qg5 21. f4 Qe7 22.
Bf3 Bh8 23. Kh2 Bg7 24. Rc2 Qd8 25. Bc1 Kh8 26. b4 a6 27. Be3 Bf8 28. Rf1 Be7
29. Rg2 Nf5 30. Bf2 Rg8 31. a4 Ra8 32. Rgg1 Nb8 33. Ra1 Nd7 34. Be2 Qc7 35. b5
axb5 36. axb5 Rgb8 37. Rgb1 Qc8 38. Qd1 b6 39. bxc6 Qxc6 40. Bb5 Qc7 41. Rxa8
Rxa8 42. Bxd7 Qxd7 43. Rxb6 Ng7 44. Qb1 Ne8 45. Kg2 Kg7 46. Rb7 Qd8 47. Nb5 Bf8
48. Nd6 Nc7 49. Qb6 1-0

[Event "Open A"]
[Site "?"]
[Date "2008.08.26"]
[Round "5.38"]
[White "Muzikar, M."]
[Black "Stepanek, S."]
[Result "1-0"]
[WhiteElo "1837"]
[BlackElo "2044"]
[PlyCount "55"]
[EventDate "2008.??.??"]
[SourceDate "2008.08.26"]

1. e4 e5 2. Bc4 Nf6 3. Nc3 Bc5 4. d3 h6 5. f4 d6 6. Na4 Bg4 7. Nf3 Bb6 8. Nxb6
axb6 9. fxe5 dxe5 10. Bxf7+ Ke7 11. Bb3 Nc6 12. c3 Rf8 13. O-O Kd7 14. Be3 Kc8
15. h3 Bh5 16. g4 Be8 17. Nh4 Bd7 18. Nf5 Bxf5 19. Rxf5 Qd6 20. Qe2 Kb8 21.
Raf1 Ka7 22. Bc2 Ne7 23. R5f3 Ng6 24. Qf2 Nd7 25. Qg3 Nf4 26. Bxf4 exf4 27.
Rxf4 g5 28. R4f3 1-0

[Event "OPEN A"]
[Site "?"]
[Date "2008.08.26"]
[Round "5.40"]
[White "Vorackova, J."]
[Black "Machalik, M."]
[Result "1/2-1/2"]
[WhiteElo "1905"]
[BlackElo "1877"]
[PlyCount "78"]
[EventDate "2008.??.??"]
[SourceDate "2008.08.26"]

1. d4 d5 2. c4 c6 3. cxd5 cxd5 4. Nc3 Nf6 5. Bf4 e6 6. e3 Bd6 7. Bxd6 Qxd6 8.
Bd3 Nc6 9. f4 O-O 10. Nf3 Bd7 11. O-O Rac8 12. Rc1 Na5 13. Ne5 a6 14. Rf3 Nc4
15. Qe2 b5 16. Rh3 g6 17. Qf2 Kg7 18. Qh4 h5 19. Qg3 Ng4 20. Bxc4 bxc4 21. Rh4
Nf6 22. Qf3 Rb8 23. Rc2 Rb4 24. a3 Rb3 25. h3 Rfb8 26. Qe2 Qc7 27. g4 hxg4 28.
hxg4 Rg8 29. Qh2 Rbb8 30. f5 g5 31. Rh6 Rh8 32. Nxf7 Qxh2+ 33. Rcxh2 Rxh6 34.
Nxh6 Ne4 35. Nxe4 dxe4 36. fxe6 Bxe6 37. Nf5+ Bxf5 38. gxf5 Kf6 39. Rf2 Rb3
1/2-1/2

[Event "OPEN A"]
[Site "?"]
[Date "2008.08.26"]
[Round "5.41"]
[White "Zima, T."]
[Black "Feierfeil, J."]
[Result "0-1"]
[WhiteElo "1822"]
[BlackElo "1947"]
[PlyCount "74"]
[EventDate "2008.??.??"]
[SourceDate "2008.08.26"]

1. c4 c5 2. g3 Nc6 3. Bg2 Nf6 4. Nc3 g6 5. b3 Bg7 6. Bb2 O-O 7. Nf3 a6 8. O-O
d6 9. d4 cxd4 10. Nxd4 Nxd4 11. Qxd4 Qc7 12. e4 Bd7 13. Nd5 Qd8 14. f4 Bc6 15.
Rad1 Ne8 16. Qd2 Bxb2 17. Qxb2 e6 18. Nc3 f5 19. c5 Qc7 20. cxd6 Nxd6 21. e5
Nf7 22. Rd3 Rad8 23. Rfd1 Rxd3 24. Rxd3 Rd8 25. Rxd8+ Nxd8 26. Ne2 Bxg2 27.
Kxg2 Qc6+ 28. Kf2 Qh1 29. Qd4 Qxh2+ 30. Ke3 Nc6 31. Qd7 Qg2 32. Qxe6+ Kf8 33.
Qc8+ Kg7 34. Qxb7+ Kh6 35. Qxa6 Qe4+ 36. Kf2 Nb4 37. Qc4 Nd3+ 0-1

[Event "OPEN A"]
[Site "?"]
[Date "2008.08.26"]
[Round "5.42"]
[White "Rmoutil, M."]
[Black "Kyselka, D."]
[Result "1-0"]
[WhiteElo "1988"]
[BlackElo "1802"]
[PlyCount "81"]
[EventDate "2008.??.??"]

1. e4 e5 2. Nf3 Nc6 3. Bb5 a6 4. Ba4 Nf6 5. O-O d6 6. Re1 b5 7. Bb3 Be7 8. c3
O-O 9. h3 Na5 10. Bc2 c5 11. d4 Qc7 12. Nbd2 Bb7 13. d5 c4 14. Nf1 Bc8 15. Ng3
Re8 16. Be3 Nb7 17. a4 Bd7 18. axb5 axb5 19. Qe2 Nc5 20. Qf1 Reb8 21. Rxa8 Rxa8
22. Ra1 Rxa1 23. Qxa1 Bc8 24. Nd2 Nfd7 25. Ne2 Qb7 26. Nc1 f5 27. f3 Nf6 28.
Qa5 Bd7 29. Na2 Qa6 30. Qxa6 Nxa6 31. Bb6 Nc5 32. Nb4 fxe4 33. Nxe4 Be8 34.
Nxf6+ gxf6 35. Nc6 Bf8 36. Nd8 Bg6 37. Bxg6 hxg6 38. Bxc5 dxc5 39. Kf2 Bh6 40.
d6 Kf8 41. d7 1-0

[Event "Open A"]
[Site "?"]
[Date "2008.08.26"]
[Round "5.43"]
[White "Sedivy, O."]
[Black "Adamik, F."]
[Result "0-1"]
[WhiteElo "1638"]
[BlackElo "1921"]
[PlyCount "82"]
[EventDate "2008.08.22"]
[SourceDate "2008.08.26"]

1. c4 d5 2. Nf3 d4 3. d3 c5 4. Nbd2 Nc6 5. g3 e5 6. Bg2 f5 7. Qa4 Bd7 8. a3 Qc7
9. Rb1 Na5 10. Qc2 Nc6 11. Nb3 h6 12. Bd2 Rc8 13. Nc1 a5 14. Na2 g5 15. h3 Nf6
16. b4 e4 17. dxe4 fxe4 18. Nxg5 hxg5 19. Bxg5 d3 20. Qc3 Nh7 21. Bf4 Qd8 22.
Qxh8 Qe7 23. Qc3 Nd4 24. Bf1 Bg7 25. Qc1 Nc2+ 26. Kd1 Ba4 27. Kd2 dxe2 28. Kxe2
Qe6 29. Kd1 Nxa3+ 30. Ke2 Nxb1 31. Qxb1 cxb4 32. Ke1 b3 33. Nc1 Bc3+ 34. Bd2
Bxd2+ 35. Kxd2 Rd8+ 36. Ke3 Qh6+ 37. f4 exf3+ 38. Kf2 Qb6+ 39. Ke1 Qe3+ 40. Be2
Rd1+ 41. Kxd1 b2+ 0-1

[Event "OPEN A"]
[Site "?"]
[Date "2008.08.26"]
[Round "5.44"]
[White "Pospisil, M."]
[Black "Lexa, V."]
[Result "1-0"]
[WhiteElo "1758"]
[BlackElo "1937"]
[PlyCount "67"]
[EventDate "2008.??.??"]
[SourceDate "2008.08.26"]

1. d4 Nf6 2. Nf3 d5 3. Bf4 e6 4. e3 Nbd7 5. Nbd2 Be7 6. Bd3 c5 7. c3 b6 8. Ne5
Bb7 9. Ndf3 h6 10. Nxd7 Nxd7 11. Bb5 O-O 12. h4 Nf6 13. Bd3 Ne4 14. g4 f6 15.
Qe2 Bd6 16. Bxd6 Qxd6 17. g5 e5 18. gxh6 gxh6 19. O-O-O exd4 20. exd4 Qf4+ 21.
Kb1 Rae8 22. Rdg1+ Kh8 23. Bxe4 Rxe4 24. Qd1 Ba6 25. Re1 Rfe8 26. Nd2 Re2 27.
Rxe2 Rxe2 28. Nb3 Qxf2 29. Qc1 Bd3+ 30. Ka1 c4 31. Qxh6+ Kg8 32. Qc1 Rc2 33.
Qd1 Rxb2 34. Qh5 {dale necitelne} 1-0

[Event "Open B"]
[Site "?"]
[Date "2008.08.26"]
[Round "5.1"]
[White "Blumel, M."]
[Black "Kalvach, L."]
[Result "1-0"]
[WhiteElo "1675"]
[BlackElo "1881"]
[PlyCount "63"]
[EventDate "2008.??.??"]

1. e4 d6 2. d4 Nf6 3. Nc3 c6 4. Nf3 Qa5 5. Bd2 e5 6. dxe5 dxe5 7. Nd5 Qd8 8.
Nxf6+ gxf6 9. Bc4 Bc5 10. Qe2 Qb6 11. O-O-O Rg8 12. Nxe5 fxe5 13. Qh5 Qc7 14.
Bg5 Rxg5 15. Qxg5 Nd7 16. Rd3 Nf8 17. Rd8+ Qxd8 18. Bxf7+ Kxf7 19. Qxd8 Be7 20.
Qc7 Ke6 21. f4 exf4 22. Qxf4 Ng6 23. Qf5+ Kd6 24. Rd1+ Kc7 25. Qf7 Bg4 26. Rd3
Rf8 27. Qxh7 Rf6 28. Rg3 Rf1+ 29. Kd2 Rd1+ 30. Kc3 Kd6 31. Qxg6+ Be6 32. Rd3+
1-0

[Event "Open B"]
[Site "?"]
[Date "2008.08.26"]
[Round "5.2"]
[White "Rut, V."]
[Black "Hrdina, R."]
[Result "0-1"]
[WhiteElo "1649"]
[BlackElo "1624"]
[PlyCount "48"]
[EventDate "2008.??.??"]

1. e4 d5 2. d4 dxe4 3. Nc3 Nf6 4. f3 exf3 5. Nxf3 Bg4 6. Be3 e6 7. Bc4 Bd6 8.
O-O O-O 9. Qe1 Nbd7 10. Qh4 Bf5 11. Bb3 Ng4 12. Bg5 Qc8 13. h3 Ngf6 14. d5 Nxd5
15. Bxd5 exd5 16. Nxd5 f6 17. Qc4 Kh8 18. Nd4 Ne5 19. Qb3 fxg5 20. Nxf5 Rxf5
21. Rxf5 Qxf5 22. Rf1 Bc5+ 23. Ne3 Qe4 24. Rd1 Nc4 0-1

[Event "Open B"]
[Site "?"]
[Date "2008.08.26"]
[Round "5.3"]
[White "Soltys, R."]
[Black "Rubes, Z."]
[Result "1/2-1/2"]
[WhiteElo "1568"]
[BlackElo "1757"]
[PlyCount "37"]
[EventDate "2008.??.??"]

1. d4 Nf6 2. Nf3 g6 3. c4 Bg7 4. Nc3 O-O 5. e3 d5 6. Be2 c6 7. O-O Bf5 8. Bd2
dxc4 9. Bxc4 Nbd7 10. Re1 Nb6 11. Bb3 Qc7 12. h3 Ne4 13. Nxe4 Bxe4 14. Rc1 e6
15. Ba5 Rae8 16. Nd2 Bd5 17. Nc4 f5 18. Qe2 Qd8 19. Nd2 1/2-1/2

[Event "Open B "]
[Site "?"]
[Date "2008.08.26"]
[Round "5.4"]
[White "Klima, J."]
[Black "Mejzlik, J."]
[Result "1-0"]
[WhiteElo "1667"]
[BlackElo "1451"]
[PlyCount "49"]
[EventDate "2008.??.??"]

1. e4 d6 2. d4 Nf6 3. Nc3 g6 4. Be3 Bg7 5. Qd2 a6 6. f3 O-O 7. O-O-O b5 8. h4
Nbd7 9. Bh6 c5 10. Bxg7 Kxg7 11. h5 Rh8 12. Nge2 cxd4 13. Nxd4 Bb7 14. Qg5 e6
15. Bd3 Ne5 16. Rh3 Nxd3+ 17. cxd3 Nd7 18. Qg3 Rc8 19. Kb1 Qf6 20. h6+ Kf8 21.
Qxd6+ Qe7 22. Qf4 e5 23. Qe3 exd4 24. Qxd4 Nc5 25. Qxh8# 1-0

[Event "OPEN B"]
[Site "?"]
[Date "2008.08.26"]
[Round "5.5"]
[White "Hatas, R."]
[Black "Rihova, K."]
[Result "0-1"]
[WhiteElo "1564"]
[BlackElo "1649"]
[PlyCount "112"]
[EventDate "2008.??.??"]

1. e4 c5 2. Nc3 Nc6 3. g3 g6 4. Bg2 Bg7 5. d3 d6 6. f4 Rb8 7. Nf3 e6 8. O-O
Nge7 9. Be3 O-O 10. Rb1 b5 11. e5 dxe5 12. fxe5 Nd4 13. Ne4 Nxf3+ 14. Bxf3 Bxe5
15. Bxc5 Bd4+ 16. Bxd4 Qxd4+ 17. Kh1 Bb7 18. c3 Qd8 19. Nf6+ Kg7 20. Bxb7 Rxb7
21. Qf3 Rb6 22. d4 Nf5 23. Ne4 Qd5 24. h4 b4 25. Rbe1 bxc3 26. bxc3 Ra6 27. g4
Nd6 28. Qf6+ Kg8 29. Rf4 Rxa2 30. Qe7 Nxe4 31. Rfxe4 Qd8 32. Qxd8 Rxd8 33. Rc1
a5 34. h5 a4 35. Kg1 a3 36. Kf1 Rb2 37. Re2 Rc8 38. Rxb2 axb2 39. Rb1 Rxc3 40.
Rxb2 Kg7 41. Rd2 Rg3 42. d5 exd5 43. Kf2 Rxg4 44. Rxd5 Kh6 45. hxg6 hxg6 46.
Rd8 f5 47. Kf3 Kg5 48. Re8 Re4 49. Rg8 Rc4 50. Kg3 Rc3+ 51. Kg2 f4 52. Kf2 Kf5
53. Kg2 g5 54. Kf2 Kg4 55. Ke2 f3+ 56. Kf2 Rc2+ 0-1

[Event "Open B"]
[Site "?"]
[Date "2008.08.26"]
[Round "5.6"]
[White "Franek, J."]
[Black "Fojtu, T."]
[Result "0-1"]
[WhiteElo "1250"]
[BlackElo "1603"]
[Annotator ",Honza"]
[PlyCount "80"]
[EventDate "2008.??.??"]

1. e4 d6 2. d4 Nf6 3. Bd3 g6 4. c3 Bg7 5. f4 a6 6. Nf3 e6 7. O-O O-O 8. h3 Ne8
9. Be3 b5 10. a4 bxa4 11. Qxa4 Bd7 12. Qc2 Qc8 13. Nbd2 h6 14. Nh4 Qd8 15. Nhf3
f5 16. Nh2 h5 17. Ndf3 Nf6 18. Ng5 Nh7 19. h4 Nxg5 20. hxg5 d5 21. e5 c6 22.
Nf3 a5 23. b4 Be8 24. Ra2 Rf7 25. Rfa1 Rfa7 26. Qb3 Qb6 27. Bb1 Qb5 28. Nh4 a4
29. Qc2 Nd7 30. Qd2 Nb6 31. Bd3 Nc4 32. Qe2 Kf7 33. Bxc4 dxc4 34. d5 cxd5 35.
Bxa7 Rxa7 36. Qe3 Ra6 37. Rb1 Bf8 38. Nf3 Qb7 39. Qd4 Rb6 40. Kh2 Qa6 {
dale necitelne...} 0-1

[Event "OPEN B"]
[Site "?"]
[Date "2008.08.26"]
[Round "5.7"]
[White "Brezinova, J."]
[Black "Brhlik, A."]
[Result "0-1"]
[WhiteElo "1497"]
[BlackElo "1682"]
[PlyCount "64"]
[EventDate "2008.08.23"]
[SourceDate "2008.08.26"]

1. e4 c5 2. Nf3 Nc6 3. d4 cxd4 4. Nxd4 Nf6 5. Nc3 e5 6. Ndb5 d6 7. Bg5 a6 8.
Na3 b5 9. Nd5 Qa5+ 10. Bd2 Qd8 11. Bg5 Be6 12. Bxf6 gxf6 13. c3 f5 14. exf5
Bxd5 15. Qxd5 Rc8 16. Nc2 Qg5 17. Ne3 Be7 18. Rd1 O-O 19. h4 Qf4 20. g3 Qa4 21.
Bd3 Rfd8 22. Bc2 Qa5 23. Qe4 Qxa2 24. f6 Bxf6 25. Qxh7+ Kf8 26. Nf5 Qe6 27.
Qh6+ Ke8 28. Qh7 Ne7 29. g4 e4 30. Kf1 Ng6 31. Kg2 d5 32. h5 Ne7 0-1

[Event "Open B"]
[Site "?"]
[Date "2008.08.26"]
[Round "5.8"]
[White "Mates, M."]
[Black "Krejci, M."]
[Result "1/2-1/2"]
[WhiteElo "1661"]
[BlackElo "1438"]
[PlyCount "37"]
[EventDate "2008.??.??"]

1. g3 g6 2. Bg2 Bg7 3. Nf3 e5 4. d4 e4 5. Nfd2 d5 6. c3 Nf6 7. Nf1 O-O 8. Bg5
Re8 9. Bxf6 Qxf6 10. e3 c6 11. Na3 Nd7 12. h4 Nb6 13. Nd2 Bh6 14. Bh3 Qd6 15.
Qe2 Na4 16. Bxc8 Raxc8 17. Ndb1 b5 18. O-O a6 19. Qd2 1/2-1/2